00330nam a22000977a 4500082001500000245012700015260002400142300002100166526003700187650000800224 a629.4bNAT aThe study on national transport plan in the Islamic Republic of Pakistan: Final Report / Volume II Studies by Sub-sector/  bA. C. P. C. Ic1995 aVarious Paging,; a0b0c0d629_400000000000000_NAT aMCE